LEADER 01302nam a2200337 i 4500 001 991003234599707536 005 20020509114530.0 008 001031s1995 de ||| | eng 020 $a3515065962 035 $ab11129645-39ule_inst 035 $aPARLA177844$9ExL 040 $aDip. di Filol. Class. e di Scienze Filosofiche$bita 041 0 $aenggrc 082 0 $a883.0109 100 1 $aKyriakou, Poulheria$0476551 245 10$aHomeric hapax legomena in the Argonautica of Apollonius Rhodius :$ba literary study /$cPoulheria Kyriakou 260 $aStuttgart :$bSteiner,$c1995 300 $a276 p. ;$c23 cm. 490 0 $aPalingenesia ;$v54 600 04$aApollonio :$cRodio.$tArgonautica 600 04$aApollonio :$cRodio$xStudio linguistico 650 4$aArgonauti - Mitologia$xLetteratura 650 4$aLingua greca - Lessici 650 4$aOmero$xLingua 650 4$aPoesia epica greca$xSaggio critico 907 $a.b11129645$b23-02-17$c28-06-02 912 $a991003234599707536 945 $aLE007 880.1 Apollonius Rhodius KYR 01.501$g1$i2007000053072$lle007$o-$pE0.00$q-$rl$s- $t0$u2$v0$w2$x0$y.i11268220$z28-06-02 996 $aHomeric hapax legomena in the Argonautica of Apollonius Rhodius$9872085 997 $aUNISALENTO 998 $ale007$b01-01-00$cm$da $e-$feng$gde $h0$i1 LEADER 03968nam 22006495 450 001 9910855392603321 005 20260320123056.0 010 $a981-9701-46-5 024 7 $a10.1007/978-981-97-0146-9 035 $a(MiAaPQ)EBC31318905 035 $a(Au-PeEL)EBL31318905 035 $a(CKB)31889897400041 035 $a(DE-He213)978-981-97-0146-9 035 $a(EXLCZ)9931889897400041 100 $a20240502d2024 u| 0 101 0 $aeng 135 $aurcnu|||||||| 181 $ctxt$2rdacontent 182 $cc$2rdamedia 183 $acr$2rdacarrier 200 10$aAdvances and Prospects of 3-d Metal-Based Anticancer Drug Candidates /$fby Farukh Arjmand, Sartaj Tabassum, Huzaifa Yasir Khan 205 $a1st ed. 2024. 210 1$aSingapore :$cSpringer Nature Singapore :$cImprint: Springer,$d2024. 215 $a1 online resource (292 pages) 311 08$a981-9701-45-7 327 $a1. Introduction -- 2. Classification of Metal-Based Anticancer Chemotherapeutic Agents -- 3. Interaction Studies of Metal-Based Anticancer Drug Entities with Potential Therapeutic Targets -- 4. Biophysical and Spectroscopic Techniques to Validate the Interaction with Therapeutic targets -- 5. DNA Condensation Processes mediated by Metal-based Drug Entities and Morphological Studies -- 6. Molecular Docking and Computational in silico Investigations of Metal-Based Drug Agents -- 7.Biochemical Mechanistic Pathway of Cell Death Induced by Metal-Based Chemotherapeutic Agents -- 8.Combination Drug Strategies for Targeting Specific Biochemical Pathways for Superior Therapeutic Potency -- 9. Advanced Drug Delivery Strategies for Metal-Based Anticancer Drugs -- 10. Endoplasmic Reticulum(ER) Targeted Metal-Based Anticancer Chemotherapeutic Agents -- 11.Progress and Future Projections in Metal-Based Polymeric Anticancer Compounds -- 12. Conclusions. 330 $aThis book reviews the potential of metallodrugs against different cancer. It summarizes the classification of metal-based anti-cancer drugs, their plausible biochemical and mechanistic pathways, combining drug strategies for hitting multiple therapeutic targets at the intracellular level, and advanced drug delivery strategies. The book covers the metallodrugs for the efficacious treatment of diverse cancerous strains and recent advances in drug delivery strategies that are used for developing these metal-based therapeutics as potent anticancer agents in vitro and in vivo. The book also covers different biophysical and analytical techniques for studying metal-ligand and metal-macromolecular interactions. The book further presents the recent examples of metallomics studies on the different types of cell death induced by metal-based anticancer drugs, especially on the three major forms of programmed cell death (PCD) in mammalian cells: apoptosis, autophagy, and regulated necrosis, also called necroptosis. Lastly, the book explores the modulation of reactive oxygen species (ROS) by metallodrugs. 606 $aCancer$xTreatment 606 $aCancer 606 $aMetabolism 606 $aBiochemistry 606 $aCancer Therapy 606 $aCancer Metabolism 606 $aBiochemistry 606 $aCàncer$2thub 606 $aDianes farmacològiques$2thub 608 $aLlibres electrònics$2thub 615 0$aCancer$xTreatment. 615 0$aCancer. 615 0$aMetabolism. 615 0$aBiochemistry. 615 14$aCancer Therapy. 615 24$aCancer Metabolism. 615 24$aBiochemistry. 615 7$aCàncer. 615 7$aDianes farmacològiques 676 $a616.994061 700 $aArjmand$b Farukh$01738186 701 $aTabassum$b Sartaj$01738187 701 $aKhan$b Huzaifa Yasir$01738188 801 0$bMiAaPQ 801 1$bMiAaPQ 801 2$bMiAaPQ 906 $aBOOK 912 $a9910855392603321 996 $aAdvances and Prospects of 3-D Metal-Based Anticancer Drug Candidates$94160171 997 $aUNINA